000 02466cam a2200565 i 4500
001 xx004867713
003 NUKAT
005 20260424120325.0
008 200522s2020 pl a |001 0bpol c
020 _a9788380988583
_q(oprawa twarda) :
_czł 30,00
035 _a(OCoLC)1156651756
035 _a(NUKAT)xx004867713
040 _aKAT U/AM
_bpol
_erda
_cKAT U/AMs
_dKAT U/AM
_dWR O/MMt
_dWA 392/MD
_dWA 14/ABs
_dOLSZT 008/bak
041 1 _apol
_hhun
045 2 _bd1879
_bd1941
046 _k2018
100 1 _aAblonczy, Balázs
_d(1974- ).
_eAutor
_940453
245 1 0 _aPál Teleki (1879-1941) /
_cBalázs Ablonczy ; przekład Szymon Brzeziński ; Instytut Pamięci Narodowej. Komisja Ścigania Zbrodni przeciwko Narodowi Polskiemu.
260 _aWarszawa :
_bInstytut Pamięci Narodowej - Komisja Ścigania Zbrodni przeciwko Narodowi Polskiemu,
_c2020.
300 _a231, [1] strona :
_bilustracje ;
_c24 cm.
336 _aTekst
_btxt
_2rdacontent
337 _aBez urządzenia pośredniczącego
_bn
_2rdamedia
338 _aWolumin
_bnc
_2rdacarrier
380 _aKsiążki
380 _aPublikacje naukowe
388 1 _a2001-
500 _aNa stronie redakcyjnej: Współpraca: Węgierski Instytut Kultury w Warszawie oraz Fundacja im. Wacława Felczaka w Budapeszcie.
504 _aBibliografia na stronach 214-219. Indeks.
536 _aKsiążka została wydana przy wsparciu finansowym Nemzeti Kulturális Alap (Narodowy Fundusz Kultury) w Budapeszcie
600 1 7 _aTeleki, Pál
_d(1879-1941)
_2DBN
_940454
600 1 7 _aTeleki, Pál
_d(1879-1941).
_2kaba
_940455
648 7 _a1801-1900
_2DBN
_936037
648 7 _a1901-2000
_2DBN
_934996
650 7 _aGeografowie
_2DBN
_940456
650 7 _aHarcerze i harcerki
_2DBN
_940094
650 7 _aMinistrowie
_2DBN
_937238
650 7 _aPolitycy
_2DBN
_936070
650 7 _aPremier (urząd)
_2DBN
_940457
650 7 _aPolitycy
_zWęgry
_vbiografie.
_2kaba
_940458
650 7 _aBiografie
_y20 w.
_2kaba
_940459
651 7 _aWęgry
_2DBN
_935869
651 7 _aWęgry
_y20 w.
_2kaba
_940460
655 7 _aBiografia
_2DBN
_935059
658 _aHistoria
658 _aPolityka, politologia, administracja publiczna
700 1 _aBrzeziński, Szymon
_d(1981- ).
_eTłumaczenie
_916418
710 2 _aInstytut Pamięci Narodowej - Komisja Ścigania Zbrodni przeciwko Narodowi Polskiemu.
_eInstytucja sprawcza
_eWydawca
_4pbl
_911792
920 _a978-83-8098-858-3 (oprawa twarda) : zł 30,00
942 _2ddc
_cBK_NM
999 _c27744
_d27744